Công trình vượt sông

Zapisane w:
Opis bibliograficzny
1. autor: Nguyễn Xuân Trục
Format: Książka
Język:Undetermined
Wydane: Hà Nội Xây dựng 1984
Etykiety: Dodaj etykietę
Nie ma etykietki, Dołącz pierwszą etykiete!
Thư viện lưu trữ: Trung tâm Học liệu Trường Đại học Cần Thơ
LEADER 00492nam a2200169Ia 4500
001 CTU_14554
008 210402s9999 xx 000 0 und d
082 |a 624.28 
082 |b Tr506 
100 |a Nguyễn Xuân Trục 
245 0 |a Công trình vượt sông 
245 0 |c Nguyễn Xuân Trục 
260 |a Hà Nội 
260 |b Xây dựng 
260 |c 1984 
904 |i Nguyễn Quang Điền, 970106 
980 |a Trung tâm Học liệu Trường Đại học Cần Thơ